| 000 | 00599nam a2200193 a 4500 | ||
|---|---|---|---|
| 001 | 1244490 | ||
| 003 | AM-YEHGA | ||
| 005 | 20260313134249.0 | ||
| 008 | 180124s1924 ru |||||r|||||000|0 rus|d | ||
| 040 | _aAM-YEHGA | ||
| 041 | 0 | _arus | |
| 100 | 1 |
_aКоллонтай, Александра Михайловна, _d1872-1952 |
|
| 245 | 1 | 0 |
_aОтрывки из дневника 1914 г. / _cА. Коллонтай. |
| 260 |
_aЛ. : _bГос. изд., _c1924. |
||
| 300 |
_a79 с. : _c24 см . |
||
| 500 | _aНа обл. дата: 1925 | ||
| 650 | 1 | 4 | _aИстория России |
| 942 |
_2udc _cBK |
||
| 999 |
_c538010 _d538010 |
||